El comentario de textos, 3 (Record no. 46401)

MARC details
000 -LEADER
campo de control de longitud fija 00567nam a2200169 i 4500
001 - NÚMERO DE CONTROL
campo de control 46401
003 - IDENTIFICADOR DE NÚMERO DE CONTROL
campo de control ES-MaACL
005 - FECHA Y HORA DE LA ÚLTIMA TRANSACCIÓN
campo de control 20230906161357.0
007 - CAMPO FIJO DE DESCRIPCIÓN FÍSICA--INFORMACIÓN GENERAL
campo de control de longitud fija t|
008 - DATOS DE LONGITUD FIJA--INFORMACIÓN GENERAL
campo de control de longitud fija 030328s1994 sp ||||1| spa d
245 03 - MENCIÓN DEL TÍTULO
Título El comentario de textos, 3
Resto del título : la novela realista /
Mención de responsabilidad, etc. Andrés Amoros, Mariano Baquero Goyanes ...[et al.] ; nota preliminar de Andrés Amorós.
260 ## - PUBLICACIÓN, DISTRIBUCIÓN, ETC.
Lugar de publicación, distribución, etc. [Madrid] :
Nombre del editor, distribuidor, etc. Castalia,
Fecha de publicación, distribución, etc. [1979]
300 ## - DESCRIPCIÓN FÍSICA
Extensión 312 p. ;
Dimensiones 19 cm.
700 1# - ENTRADA AGREGADA--NOMBRE PERSONAL
Nombre de persona Amorós, Andrés.
9 (RLIN) 21309
700 1# - ENTRADA AGREGADA--NOMBRE PERSONAL
Nombre de persona Baquero Goyanes, Mariano.
9 (RLIN) 25265
852 ## - LOCALIZACIÓN
Ubicación ES-MaACL
Número de control de estantería A-10285
Sublocalización o colección R.99377
Holdings
Estatus retirado Estado de pérdida Estado de daño No para préstamo Biblioteca de origen Biblioteca actual Ubicación en estantería Fecha de adquisición Fuente de adquisición Total de préstamos Signatura topográfica completa Código de barras Visto por última vez Precio de reemplazo Tipo de ítem Koha
        Biblioteca del Ateneo de Madrid Biblioteca del Ateneo de Madrid Depósito 1 17/01/2008     A-10285 1048801 23/02/2023 23/02/2023 Libro impreso